| 000 | 01310nam0a2200301 4500 | ||
|---|---|---|---|
| 001 | RU\NLR\bibl\171258 | ||
| 005 | 20240726052711.0 | ||
| 020 |
_aRU-12212 _9Летопись авторефератов диссертаций |
||
| 021 |
_aRU _b98-12081a |
||
| 035 | _a(NLR Aleph) 000168038 | ||
| 090 |
_a967778 _c967778 |
||
| 100 | _a20000615d1997 u u0rusy50 ca | ||
| 101 | 0 | _arus | |
| 102 | _aRU | ||
| 105 | _aa dm ||||| | ||
| 200 | 1 |
_aЧрезплевральные операции при кардиоэзофагеальном раке _e(Показания, выбор методики, результаты) _eАвтореф. дис. на соиск. учен. степ. к.м.н. _eСпец. 14.00.27 _eСпец. 14.00.14 _fМ-во здравоохранения Рос. Федерации, Астрахан. гос. мед. акад. |
|
| 210 |
_aАстрахань _d1997 |
||
| 215 |
_a19 с. _cил. _d21 |
||
| 320 | _aБиблиогр.: с. 18-19 ( 10 назв.) | ||
| 610 | 0 | _aМедицинские науки | |
| 686 |
_a14.00.27 _2oksvnk |
||
| 686 |
_a14.00.14 _2oksvnk |
||
| 700 | 1 |
_aМустафин _bВ. Д. _gВадим Дамерович |
|
| 801 | 0 |
_aRU _bRKP _c20000615 _gPSBO |
|
| 801 | 1 |
_aRU _bRKP _c20000615 |
|
| 801 | 2 |
_aRU _bNLR _c20010726 _grcr |
|
| 852 |
_aNLR _jА98/12081 |
||
| 942 | _cBOOK | ||